| Tag |
First Indicator |
Second Indicator |
Subfields |
| LEADER |
00000nam a2200000Ia 4500 |
| 001 |
in00004325521 |
| 005 |
20200812090035.0 |
| 006 |
m g d |
| 007 |
cr bn |||a|bb| |
| 008 |
001215s1696 stk o 000 0 lat d |
| 035 |
|
|
|a (OCoLC)45578382
|
| 040 |
|
|
|a EAE
|c EAE
|e dcrb
|
| 037 |
|
|
|a CL0037000111
|b ProQuest Information and Learning. 300 N. Zeeb Rd., Ann Arbor, MI 48106
|
| 045 |
0 |
|
|b d1696
|
| 090 |
|
|
|a PA2083
|b .K57 1696
|
| 049 |
|
|
|a UMIA
|
| 100 |
1 |
|
|a Kirkwood, James,
|d fl. 1698.
|
| 245 |
1 |
0 |
|a Rhetoricæ compendium; :
|b cui subjicitur de analysi tractatiuncula. /
|c authore [I]acobo Kirkwodo [sic] Dumbarensi.
|
| 250 |
|
|
|a Editio secunda. Priore castigatior; multoque concinnior.
|
| 260 |
|
|
|a [E]dinburgi, :
|b Ex officina Georgii Mosman.,
|c 1696
|
| 300 |
|
|
|a 1 online resource (48, 37-46 pages)
|
| 336 |
|
|
|a text
|b txt
|2 rdacontent
|
| 337 |
|
|
|a computer
|b c
|2 rdamedia
|
| 338 |
|
|
|a online resource
|b cr
|2 rdacarrier
|
| 500 |
|
|
|a Pages 49-58 incorrectly numbered 37-46.
|
| 500 |
|
|
|a Imperfect: tightly bound with some loss of text.
|
| 500 |
|
|
|a Reproduction of original in the Aberdeen University Library.
|
| 510 |
4 |
|
|a Wing (2nd edition)
|c K650
|
| 533 |
|
|
|a Electronic reproduction.
|b Ann Arbor, Mich. :
|c UMI,
|d 1999-
|f (Early English books online)
|n Digital version of: (Early English books, 1641-1700 ; 2624:22)
|7 s1999 miun s
|
| 650 |
|
0 |
|a Latin language
|x Grammar
|v Early works to 1800.
|
| 830 |
|
0 |
|a Early English books online.
|
| 856 |
4 |
0 |
|u http://proxy.library.tamu.edu/login?url=https://search.proquest.com/docview/2240870080
|z Connect to the full text of this electronic book
|t 0
|
| 999 |
f |
f |
|s 5f533fd2-7f7c-31cf-bc1e-85b1d1cbbd3a
|i 9c330851-f6d5-3f36-b0e7-816a75e09bca
|t 0
|
| 952 |
f |
f |
|a Texas A&M University
|b College Station
|c Electronic Resources
|d Available Online
|t 0
|e PA2083 .K57 1696
|h Library of Congress classification
|
| 998 |
f |
f |
|a PA2083 .K57 1696
|t 0
|l Available Online
|